000
00293nam a22001337a 4500
008
170629b xxu||||| |||| 00| 0 eng d
020
_a
9951413080
041
_a
eng
080
_a
821
100
_a
22
101
_a
GJL
245
_a
STUDIME PER GJUHEN SHQIPE
_c
PEDERSEN, H
942
_2
udc
_c
BK
999
_c
19478
_d
19478